| 000 | 01236nam a2200253Ia 4500 | ||
|---|---|---|---|
| 003 | Ost | ||
| 005 | 20260507074848.0 | ||
| 008 | 260507s9999||||xx |||||||||||||| ||und|| | ||
| 020 | _a9789931606833 | ||
| 040 | _cfsecg | ||
| 041 | _aara | ||
| 082 | _a658.57 | ||
| 100 |
_aمطالس، عبد القادر _eمؤلف |
||
| 245 | 0 |
_aبحوث العمليات : _bرياضيات المؤسسة: عمليات ومسائل محلولة / _c عبد القادر مطالس |
|
| 260 |
_aتلمسان : _bالمكتب الجامعي الحديث, _c2017 |
||
| 300 |
_a356 صفحة؛ _bإيضاحات ؛ _c24 سم |
||
| 504 | _aبيلبيوغرافيا: ص.356 | ||
| 520 | _aيضم تشكيل نماذج البرمجة الخطية، حل نماذج البرمجة الخطية ، الشكل الثنائي وتحليل الحساسية، نماذج النقل، نماذج برمجة الأعداد الصحيحة والشبكات مع مجموعة من العمليات والمسائل المحلولة. | ||
| 653 | _aالبرمجة الخطية | ||
| 653 | _aالنقل- النماذج الرياضية | ||
| 653 | _aبحوث العمليات | ||
| 700 |
_aالعايب، ياسين _eمؤلف ثانوي |
||
| 942 | _cكتاب | ||
| 999 |
_c41544 _d41544 |
||